zpět

Detail výsledku týmu

Rest.Art - Podolí, Praha

Datum a čas kvízu

17 Celkem bodů Celkový počet nahraných bodů na tomto kvízu bez doplňovacích otázek.
6. Pořadí na kvízu Konečné umístění týmu na tomto kvízu.

Zaznamenané odpovědi

# Otázka Odpověď Body Výsledky
1. Zaměstnanci věznice Jiřice na... klokany 0
2. Ve kterém evropském městě se n... ve Frankfurtu (nad Mohanem) 0
3. Jeden z párů českého showbyzny... Anna K., Tomáš Vartecký 0
4. Elektromobil s typovým označen... Ford 0
5. Český reprezentant Alex Král p... Espanyol (Barcelona) 0
6. V tomto tématu budete mít vždy... 12. století 0
7. Bartolomeu Dias obeplouvá mys... 15. století 0
8. Narodil se Marco Polo, proběhl... 13. století 0
9. Založení Petrohradu, podepsání... 18. století 1
10. Počátek islámského letopočtu,... 7. století 0